000 00352nam a2200157Ia 4500
100 _aBanks/Alex/ Porcello/Eve
650 _areact
942 _cBK
366 _f20
654 _areact
245 _alearning React: Functional web development with react and Redux
260 _bShroff
_c2021
082 _bBAN
300 _a335
546 _aENGLISH
999 _c22685
_d22685